000 00788cam a22002533a 4500
001 6953
003 PGUSA
005 20140828083139.0
008 041101s2004||||xxu|||||s|||||000 1 eng d
040 _aPGUSA
_beng
042 _adc
050 4 _aPZ
050 4 _aPR
100 1 _aHenty, G. A.
_q(George Alfred),
_d1832-1902
245 1 0 _aBy England's Aid; or, the Freeing of the Netherlands (1585-1604)
_h[electronic resource] /
_cG. A. Henty
260 _bProject Gutenberg,
_c2004
506 _aPublic domain in the USA.
516 _aElectronic text
653 _aNetherlands -- History -- Eighty Years' War, 1568-1648 -- Juvenile fiction
653 _aHistorical fiction
830 0 _aProject Gutenberg
_v6953
856 4 0 _uhttp://www.gutenberg.org/ebooks/6953
942 _cEB
999 _c236273
_d236273